[Event "MP do lat 16 - dziewczeta"]
[Site "Sypniewo"]
[Date "2022.03.26"]
[Round "8.19"]
[White "Walendykiewicz, Martyna"]
[Black "Niedorys, Karolina"]
[Result "1/2-1/2"]
[BlackElo "1583"]
[WhiteElo "1224"]
[LiveChessVersion "1.4.8"]

1. e4 {[%clk 1:30:57]} c5 {[%clk 1:30:58]} 2. Nf3 {[%clk 1:31:19]} Nc6
{[%clk 1:31:27]} 3. d4 {[%clk 1:31:35]} cxd4 {[%clk 1:31:54]} 4. Nxd4
{[%clk 1:31:59]} g6 {[%clk 1:32:20]} 5. Be3 {[%clk 1:32:20]} Bg7 {[%clk 1:32:48]}
6. Nc3 {[%clk 1:32:36]} Nf6 {[%clk 1:33:11]} 7. Be2 {[%clk 1:32:45]} O-O
{[%clk 1:33:12]} 8. O-O {[%clk 1:32:28]} d6 {[%clk 1:32:19]} 9. Nb3
{[%clk 1:30:58]} Be6 {[%clk 1:30:52]} 10. Kh1 {[%clk 1:30:01]} Ne5
{[%clk 1:23:00]} 11. f4 {[%clk 1:20:53]} Nc4 {[%clk 1:18:05]} 12. Bxc4
{[%clk 1:12:19]} Bxc4 {[%clk 1:18:30]} 13. Re1 {[%clk 1:11:53]} b6
{[%clk 1:03:31]} 14. Nd4 {[%clk 1:02:32]} Qd7 {[%clk 0:57:23]} 15. f5
{[%clk 0:57:35]} Rfd8 {[%clk 0:52:28]} 16. Bg5 Rac8 {[%clk 0:48:00]} 17. Re3
{[%clk 0:39:01]} h5 {[%clk 0:26:09]} 18. Bxf6 {[%clk 0:35:34]} Bxf6
{[%clk 0:26:20]} 19. fxg6 {[%clk 0:35:07]} fxg6 {[%clk 0:26:40]} 20. Rg3
{[%clk 0:35:27]} Kh7 {[%clk 0:25:25]} 21. Qd2 {[%clk 0:27:40]} Rf8
{[%clk 0:17:46]} 22. Rd1 {[%clk 0:20:50]} Rf7 {[%clk 0:15:11]} 23. b3
{[%clk 0:15:48]} Ba6 {[%clk 0:14:53]} 24. Nce2 {[%clk 0:16:00]} Be5
{[%clk 0:13:00]} 25. Rf3 {[%clk 0:15:10]} Rxf3 {[%clk 0:10:33]} 26. Nxf3
{[%clk 0:15:20]} Bxe2 {[%clk 0:04:56]} 27. Qxe2 {[%clk 0:15:43]} Bf4
{[%clk 0:03:09]} 28. c4 {[%clk 0:14:13]} Bh6 {[%clk 0:02:13]} 29. Qd3
{[%clk 0:13:30]} Qg4 {[%clk 0:01:34]} 30. h3 {[%clk 0:11:44]} Qe6
{[%clk 0:00:52]} 31. Nd4 Qe5 {[%clk 0:00:49]} 32. Rf1 {[%clk 0:11:16]} Rf8
{[%clk 0:01:00]} 33. Nf3 {[%clk 0:11:36]} Qg7 {[%clk 0:00:44]} 34. Qd5
{[%clk 0:11:32]} Rf6 {[%clk 0:00:38]} 35. Re1 {[%clk 0:11:12]} Rf4
{[%clk 0:00:42]} 36. e5 {[%clk 0:10:50]} dxe5 {[%clk 0:00:48]} 37. Qxe5
{[%clk 0:11:11]} Qxe5 {[%clk 0:00:58]} 38. Nxe5 {[%clk 0:11:38]} Rf6
{[%clk 0:00:39]} 39. Nf3 {[%clk 0:11:54]} Bf8 {[%clk 0:00:40]} 40. Rd1
{[%clk 0:41:17]} Rd6 {[%clk 0:30:44]} 41. Ng5+ {[%clk 0:41:10]} Kg7
{[%clk 0:31:02]} 42. Rxd6 {[%clk 0:40:34]} exd6 {[%clk 0:31:30]} 43. Kg1
{[%clk 0:40:22]} Be7 {[%clk 0:31:14]} 44. Ne4 {[%clk 0:40:44]} Kf7
{[%clk 0:31:22]} 45. Kf2 {[%clk 0:41:07]} Ke6 {[%clk 0:31:38]} 46. Nc3
{[%clk 0:41:11]} Ke5 {[%clk 0:27:03]} 47. Nb5 {[%clk 0:40:58]} a5
{[%clk 0:25:35]} 48. Kf3 {[%clk 0:41:07]} d5 {[%clk 0:25:27]} 49. cxd5
{[%clk 0:41:17]} Kxd5 {[%clk 0:25:49]} 50. Ke3 {[%clk 0:41:11]} h4
{[%clk 0:21:46]} 51. Kd3 {[%clk 0:38:49]} Bf6 {[%clk 0:20:27]} 52. Nc7+
{[%clk 0:38:39]} Kc6 {[%clk 0:18:30]} 53. Ne6 {[%clk 0:38:54]} g5
{[%clk 0:16:37]} 54. Ke4 {[%clk 0:36:34]} Kb5 {[%clk 0:12:25]} 55. Kd3
{[%clk 0:35:40]} Kb4 {[%clk 0:10:00]} 56. Kc2 {[%clk 0:35:44]} Ka3
{[%clk 0:07:52]} 57. Kb1 {[%clk 0:35:52]} a4 {[%clk 0:07:19]} 58. bxa4
{[%clk 0:36:16]} Kxa4 {[%clk 0:07:43]} 59. Nc7 {[%clk 0:36:30]} b5
{[%clk 0:06:29]} 60. Nd5 {[%clk 0:36:46]} Bd4 {[%clk 0:05:50]} 61. Nc7
{[%clk 0:36:53]} b4 {[%clk 0:05:17]} 62. Ne6 {[%clk 0:36:40]} Be3
{[%clk 0:04:58]} 63. Nc7 {[%clk 0:35:52]} Bf4 {[%clk 0:03:06]} 64. Nd5
{[%clk 0:36:13]} Be5 {[%clk 0:02:06]} 65. Ne3 {[%clk 0:34:59]} Bd4
{[%clk 0:01:27]} 66. Nf5 {[%clk 0:35:00]} Be5 {[%clk 0:01:15]} 67. Ne7
{[%clk 0:32:56]} Ka3 {[%clk 0:00:52]} 68. Nc6 {[%clk 0:32:31]} Bf6
{[%clk 0:01:00]} 69. Kc2 {[%clk 0:32:14]} Bc3 {[%clk 0:00:54]} 70. Kb1
{[%clk 0:32:10]} b3 {[%clk 0:00:48]} 71. axb3 {[%clk 0:32:36]} Kxb3
{[%clk 0:01:13]} 72. Kc1 {[%clk 0:32:12]} Kc4 {[%clk 0:01:29]} 73. Kd1
{[%clk 0:31:59]} Kd3 {[%clk 0:01:45]} 74. Nd8 {[%clk 0:31:57]} Ke3
{[%clk 0:00:35]} 75. Ne6 {[%clk 0:32:16]} Bf6 {[%clk 0:00:38]} 76. Ke1
{[%clk 0:32:40]} Ke4 {[%clk 0:00:37]} 77. Nc5+ {[%clk 0:32:30]} Kf4
{[%clk 0:00:41]} 78. Nd3+ {[%clk 0:32:24]} Ke4 {[%clk 0:00:38]} 79. Nf2+
{[%clk 0:32:38]} Kf4 {[%clk 0:00:56]} 80. Nd3+ {[%clk 0:32:05]} Ke3
{[%clk 0:00:43]} 81. Nf2 {[%clk 0:31:44]} Bd8 {[%clk 0:00:40]} 82. Ng4+
{[%clk 0:31:41]} Kf4 {[%clk 0:00:56]} 83. Ke2 {[%clk 0:31:51]} Kg3
{[%clk 0:01:09]} 84. Kf1 {[%clk 0:32:18]} Bb6 {[%clk 0:01:17]} 85. Ne5
{[%clk 0:31:58]} Bc7 {[%clk 0:01:09]} 86. Nf3 {[%clk 0:32:10]} g4
{[%clk 0:01:06]} 87. hxg4 {[%clk 0:32:36]} Kxg4 {[%clk 0:01:32]} 88. Nxh4
{[%clk 0:32:54]} Kxh4 {[%clk 0:01:52]} 1/2-1/2

[Event "MP do lat 16 - dziewczeta"]
[Site "Sypniewo"]
[Date "2022.03.26"]
[Round "8.20"]
[White "Idzior, Izabela"]
[Black "Zalewska, Malgorzata"]
[Result "0-1"]
[BlackElo "1338"]
[WhiteElo "1369"]
[LiveChessVersion "1.4.8"]

1. e4 {[%clk 1:30:59]} e6 {[%clk 1:30:56]} 2. d4 {[%clk 1:31:20]} d5
{[%clk 1:31:23]} 3. Bd3 {[%clk 1:31:38]} dxe4 {[%clk 1:31:45]} 4. Bxe4
{[%clk 1:31:54]} c5 {[%clk 1:31:25]} 5. Ne2 {[%clk 1:32:14]} Nc6 {[%clk 1:31:16]}
6. Be3 {[%clk 1:32:24]} cxd4 {[%clk 1:31:25]} 7. Nxd4 {[%clk 1:32:32]} Bd7
{[%clk 1:31:04]} 8. Nc3 {[%clk 1:31:56]} Nf6 {[%clk 1:29:00]} 9. Bf3
{[%clk 1:31:58]} Bb4 {[%clk 1:27:43]} 10. O-O {[%clk 1:29:14]} O-O
{[%clk 1:27:31]} 11. Ne4 {[%clk 1:25:10]} Nxe4 {[%clk 1:26:01]} 12. Bxe4
{[%clk 1:25:15]} e5 {[%clk 1:21:23]} 13. Nf3 {[%clk 1:19:49]} Qe7
{[%clk 1:19:41]} 14. c3 {[%clk 1:08:36]} Ba5 {[%clk 1:19:22]} 15. Qc2
{[%clk 1:06:55]} f5 {[%clk 1:18:51]} 16. Bd5+ {[%clk 1:00:26]} Kh8
{[%clk 1:18:36]} 17. Ng5 {[%clk 0:55:14]} Rac8 {[%clk 1:15:48]} 18. f4
{[%clk 0:46:24]} exf4 {[%clk 1:15:37]} 19. Bxf4 {[%clk 0:46:40]} Qc5+
{[%clk 1:15:53]} 20. Kh1 {[%clk 0:45:45]} Qxd5 {[%clk 1:14:43]} 21. Rad1
{[%clk 0:42:34]} Qc4 {[%clk 1:14:10]} 22. b3 {[%clk 0:41:32]} Qa6
{[%clk 1:14:11]} 23. Qf2 {[%clk 0:37:55]} Rcd8 {[%clk 1:07:35]} 24. Qh4
{[%clk 0:35:40]} h6 {[%clk 1:07:53]} 25. b4 {[%clk 0:33:44]} Bb6 {[%clk 1:07:14]}
26. Nf3 {[%clk 0:27:27]} Kh7 {[%clk 1:04:22]} 27. Ng5+ {[%clk 0:27:23]} Kg8
{[%clk 1:03:25]} 28. Nf3 {[%clk 0:27:20]} Rf6 {[%clk 0:59:49]} 29. Ne5
{[%clk 0:25:15]} Nxe5 {[%clk 0:53:40]} 30. Bxe5 {[%clk 0:25:40]} Rg6
{[%clk 0:52:38]} 31. c4 {[%clk 0:21:01]} Re8 {[%clk 0:48:09]} 32. Rxd7
{[%clk 0:12:45]} Rxe5 {[%clk 0:47:35]} 33. Qh5 {[%clk 0:12:59]} Qxc4
{[%clk 0:43:12]} 34. Rfd1 {[%clk 0:13:11]} Qe4 {[%clk 0:37:10]} 35. Qxg6
{[%clk 0:11:16]} Qe1+ {[%clk 0:37:32]} 36. Rxe1 {[%clk 0:11:34]} Rxe1#
{[%clk 0:37:55]} 0-1

[Event "MP do lat 16 - dziewczeta"]
[Site "Sypniewo"]
[Date "2022.03.26"]
[Round "8.21"]
[White "Lach, Alicja"]
[Black "Kicinska, Magdalena"]
[Result "0-1"]
[BlackElo "1436"]
[WhiteElo "1327"]
[LiveChessVersion "1.4.8"]

1. e4 {[%clk 1:30:59]} c6 {[%clk 1:30:53]} 2. d4 {[%clk 1:31:26]} d5
{[%clk 1:31:17]} 3. e5 {[%clk 1:31:53]} Bf5 {[%clk 1:31:41]} 4. h4
{[%clk 1:32:19]} h5 {[%clk 1:30:03]} 5. c4 {[%clk 1:32:44]} dxc4 {[%clk 1:29:25]}
6. Bxc4 {[%clk 1:33:08]} e6 {[%clk 1:29:22]} 7. Be3 {[%clk 1:32:59]} Nd7
{[%clk 1:28:24]} 8. Nc3 {[%clk 1:32:02]} Ne7 {[%clk 1:27:44]} 9. Nge2
{[%clk 1:32:12]} Nb6 {[%clk 1:27:06]} 10. Bb3 {[%clk 1:30:25]} Ned5
{[%clk 1:26:13]} 11. a3 {[%clk 1:20:00]} Nxe3 {[%clk 1:25:28]} 12. fxe3
{[%clk 1:20:16]} Be7 {[%clk 1:24:45]} 13. g3 {[%clk 1:20:32]} g5 {[%clk 1:23:56]}
14. hxg5 {[%clk 1:17:50]} Bxg5 {[%clk 1:21:59]} 15. Qd2 {[%clk 1:15:16]} a5
{[%clk 1:17:52]} 16. a4 {[%clk 1:12:47]} Nd5 {[%clk 1:17:30]} 17. Bxd5
{[%clk 1:12:08]} exd5 {[%clk 1:15:41]} 18. Nf4 {[%clk 1:10:08]} h4
{[%clk 1:14:54]} 19. O-O-O {[%clk 1:06:09]} b5 {[%clk 1:02:59]} 20. b3
{[%clk 0:55:35]} Be7 {[%clk 1:00:09]} 21. Kb2 {[%clk 0:52:45]} bxa4
{[%clk 0:59:31]} 22. Nxa4 {[%clk 0:50:51]} Bb4 {[%clk 0:58:08]} 23. Qe2
{[%clk 0:50:07]} Qe7 {[%clk 0:55:32]} 24. Ra1 {[%clk 0:49:16]} Rb8
{[%clk 0:52:52]} 25. Rhc1 {[%clk 0:45:01]} hxg3 {[%clk 0:49:33]} 26. Rh1
{[%clk 0:42:11]} Rf8 {[%clk 0:30:42]} 27. Nh5 {[%clk 0:34:58]} Bg6
{[%clk 0:27:18]} 28. Nxg3 {[%clk 0:30:21]} Qb7 {[%clk 0:25:12]} 29. Rhc1
{[%clk 0:29:06]} Bd2 {[%clk 0:24:20]} 30. Nc5 {[%clk 0:26:34]} Bxc1+
{[%clk 0:23:57]} 31. Kxc1 {[%clk 0:26:51]} Qb4 {[%clk 0:19:58]} 32. Kb2
{[%clk 0:26:02]} Rh8 {[%clk 0:13:16]} 33. Na6 {[%clk 0:25:05]} Qxb3+
{[%clk 0:13:30]} 34. Kc1 {[%clk 0:25:04]} Qc3+ {[%clk 0:13:47]} 0-1

[Event "MP do lat 16 - dziewczeta"]
[Site "Sypniewo"]
[Date "2022.03.26"]
[Round "8.22"]
[White "Gac-Mytych, Sara"]
[Black "Labedz, Gabriela"]
[Result "0-1"]
[BlackElo "1404"]
[WhiteElo "1202"]
[LiveChessVersion "1.4.8"]

1. e4 {[%clk 1:30:57]} c5 {[%clk 1:30:46]} 2. c3 {[%clk 1:31:19]} e5
{[%clk 1:28:18]} 3. d4 {[%clk 1:24:29]} d6 {[%clk 1:25:57]} 4. dxc5
{[%clk 1:20:00]} dxc5 {[%clk 1:25:56]} 5. Qxd8+ {[%clk 1:20:04]} Kxd8
{[%clk 1:26:17]} 6. Nf3 {[%clk 1:19:30]} f6 {[%clk 1:22:27]} 7. Be2
{[%clk 1:11:42]} Be6 {[%clk 1:18:52]} 8. b3 {[%clk 1:09:48]} Nc6 {[%clk 1:14:20]}
9. Be3 {[%clk 1:04:28]} Kc7 {[%clk 1:09:18]} 10. Nbd2 {[%clk 1:00:18]} a6
{[%clk 1:06:13]} 11. a4 {[%clk 0:48:54]} g6 {[%clk 1:02:25]} 12. h4
{[%clk 0:38:02]} h5 {[%clk 0:58:39]} 13. Bc4 {[%clk 0:32:17]} Bxc4
{[%clk 0:52:44]} 14. Nxc4 {[%clk 0:32:40]} Nh6 {[%clk 0:50:23]} 15. Bd2
{[%clk 0:23:43]} Nf7 {[%clk 0:44:48]} 16. Ne3 {[%clk 0:23:05]} Ne7
{[%clk 0:39:42]} 17. O-O-O {[%clk 0:16:48]} Nd6 {[%clk 0:36:11]} 18. Nd5+
{[%clk 0:14:28]} Nxd5 {[%clk 0:35:39]} 19. exd5 {[%clk 0:14:57]} Ne4
{[%clk 0:32:03]} 20. Rhf1 {[%clk 0:11:26]} b5 {[%clk 0:28:57]} 21. axb5
{[%clk 0:09:34]} axb5 {[%clk 0:29:12]} 22. Kb2 {[%clk 0:09:34]} c4
{[%clk 0:25:58]} 23. b4 {[%clk 0:08:18]} Kd6 {[%clk 0:20:12]} 24. Be3
{[%clk 0:06:46]} Bh6 {[%clk 0:18:51]} 25. Bb6 {[%clk 0:02:39]} Rhb8
{[%clk 0:16:15]} 26. Ba5 {[%clk 0:01:22]} Rb7 {[%clk 0:13:43]} 27. Kc2
{[%clk 0:01:26]} Rba7 {[%clk 0:11:52]} 28. Nh2 {[%clk 0:00:50]} Kd7
{[%clk 0:10:18]} 29. f3 {[%clk 0:00:50]} Ng3 {[%clk 0:09:40]} 30. Rfe1
{[%clk 0:01:11]} Nf5 {[%clk 0:08:56]} 31. g3 {[%clk 0:00:54]} Ne3+
{[%clk 0:08:13]} 32. Rxe3 {[%clk 0:01:13]} Bxe3 {[%clk 0:08:38]} 33. Nf1
{[%clk 0:01:16]} Bh6 {[%clk 0:08:16]} 34. d6 {[%clk 0:01:24]} Bf8
{[%clk 0:07:56]} 35. Bc7 {[%clk 0:01:35]} Ra2+ {[%clk 0:07:29]} 36. Kc1
{[%clk 0:01:57]} Ra1+ {[%clk 0:06:46]} 37. Kc2 {[%clk 0:02:11]} R8a2#
{[%clk 0:07:04]} 0-1

[Event "MP do lat 16 - dziewczeta"]
[Site "Sypniewo"]
[Date "2022.03.26"]
[Round "8.23"]
[White "Kaznowska, Kinga"]
[Black "Wiecek, Karolina"]
[Result "1/2-1/2"]
[BlackElo "1227"]
[WhiteElo "1239"]
[LiveChessVersion "1.4.8"]

1. e4 {[%clk 1:30:58]} c6 {[%clk 1:30:55]} 2. d4 {[%clk 1:31:22]} d5
{[%clk 1:31:21]} 3. exd5 {[%clk 1:31:48]} cxd5 {[%clk 1:31:48]} 4. Bd3
{[%clk 1:32:09]} Nc6 {[%clk 1:32:10]} 5. c3 {[%clk 1:32:34]} Nf6 {[%clk 1:32:33]}
6. Bf4 {[%clk 1:32:58]} Bg4 {[%clk 1:32:56]} 7. Nf3 {[%clk 1:33:18]} e6
{[%clk 1:33:19]} 8. Nbd2 {[%clk 1:33:42]} Bd6 {[%clk 1:33:26]} 9. Bg3
{[%clk 1:33:42]} O-O {[%clk 1:32:35]} 10. Qc2 {[%clk 1:33:53]} a6
{[%clk 1:24:32]} 11. Bh4 {[%clk 1:33:35]} h6 {[%clk 1:18:39]} 12. h3
{[%clk 1:32:47]} Bxf3 {[%clk 1:18:46]} 13. Nxf3 {[%clk 1:33:07]} e5
{[%clk 1:14:26]} 14. dxe5 {[%clk 1:33:08]} Nxe5 {[%clk 1:14:45]} 15. Nxe5
{[%clk 1:33:28]} Bxe5 {[%clk 1:15:09]} 16. O-O {[%clk 1:33:52]} Qd6
{[%clk 1:13:18]} 17. Bxf6 {[%clk 1:32:53]} Qxf6 {[%clk 1:12:59]} 18. Rad1
{[%clk 1:30:08]} Rad8 {[%clk 1:08:49]} 19. Rfe1 {[%clk 1:27:30]} Rfe8
{[%clk 1:03:46]} 20. Qe2 {[%clk 1:27:13]} Re6 {[%clk 0:53:01]} 21. Qd2
{[%clk 1:25:01]} Qe7 {[%clk 0:39:26]} 22. Re2 {[%clk 1:17:14]} Re8
{[%clk 0:37:27]} 23. Rde1 {[%clk 1:17:18]} Qd6 {[%clk 0:37:18]} 24. Kf1
{[%clk 1:14:44]} Bf6 {[%clk 0:30:00]} 25. Rxe6 {[%clk 1:11:23]} Rxe6
{[%clk 0:30:23]} 26. Rxe6 {[%clk 1:11:44]} Qxe6 {[%clk 0:30:44]} 27. Qe3
{[%clk 1:09:04]} Qxe3 {[%clk 0:23:40]} 28. fxe3 {[%clk 1:06:00]} g6
{[%clk 0:23:45]} 29. Ke2 {[%clk 1:06:16]} Kf8 {[%clk 0:24:01]} 30. Kd2
{[%clk 1:06:04]} Ke7 {[%clk 0:24:04]} 31. Bc2 {[%clk 1:06:11]} Kd6
{[%clk 0:22:34]} 32. Kd3 {[%clk 1:06:12]} Be5 {[%clk 0:21:02]} 33. b4
{[%clk 1:04:17]} b5 {[%clk 0:18:55]} 34. a4 {[%clk 1:04:15]} f5 {[%clk 0:17:33]}
35. axb5 {[%clk 1:04:01]} axb5 {[%clk 0:17:59]} 36. Bd1 {[%clk 1:04:23]} h5
{[%clk 0:14:50]} 37. Bf3 {[%clk 1:04:32]} Ke6 {[%clk 0:14:33]} 38. Be2
{[%clk 1:02:40]} Kd6 {[%clk 0:14:51]} 39. Bf3 {[%clk 0:59:46]} Ke6
{[%clk 0:15:15]} 40. Kd2 {[%clk 1:30:01]} Kd6 {[%clk 0:45:11]} 41. Kc2
{[%clk 1:29:01]} Kc6 {[%clk 0:44:58]} 42. g4 {[%clk 1:29:06]} fxg4
{[%clk 0:45:07]} 43. hxg4 {[%clk 1:29:29]} h4 {[%clk 0:45:32]} 44. e4
{[%clk 1:29:34]} h3 {[%clk 0:41:53]} 45. exd5+ {[%clk 1:29:37]} Kd6
{[%clk 0:42:15]} 46. Kd3 {[%clk 1:29:53]} h2 {[%clk 0:41:26]} 47. c4
{[%clk 1:30:01]} bxc4+ {[%clk 0:40:39]} 48. Kxc4 {[%clk 1:29:39]} Bf6
{[%clk 0:40:17]} 49. b5 {[%clk 1:28:59]} Bd8 {[%clk 0:40:08]} 50. Kd4
{[%clk 1:28:21]} g5 {[%clk 0:39:25]} 51. Bg2 {[%clk 1:27:17]} Bc7
{[%clk 0:37:45]} 1/2-1/2

[Event "MP do lat 16 - dziewczeta"]
[Site "Sypniewo"]
[Date "2022.03.26"]
[Round "8.24"]
[White "Jureczko, Anna"]
[Black "Reszka, Barbara"]
[Result "1/2-1/2"]
[BlackElo "1156"]
[WhiteElo "1200"]
[LiveChessVersion "1.4.8"]

1. e4 {[%clk 1:30:57]} c5 {[%clk 1:30:50]} 2. c3 {[%clk 1:31:23]} d5
{[%clk 1:31:09]} 3. exd5 {[%clk 1:31:43]} Qxd5 {[%clk 1:31:30]} 4. d4
{[%clk 1:32:06]} Nc6 {[%clk 1:31:49]} 5. Nf3 {[%clk 1:32:25]} e6 {[%clk 1:32:09]}
6. Be3 {[%clk 1:25:23]} cxd4 {[%clk 1:31:10]} 7. Nxd4 {[%clk 1:16:44]} e5
{[%clk 1:11:41]} 8. Nxc6 {[%clk 1:16:48]} Qxc6 {[%clk 1:10:34]} 9. Nd2
{[%clk 1:16:05]} Be6 {[%clk 1:05:33]} 10. Qf3 {[%clk 1:11:33]} Qxf3
{[%clk 0:55:27]} 11. Nxf3 {[%clk 1:11:58]} Bd6 {[%clk 0:46:23]} 12. Bb5+
{[%clk 1:11:21]} Ke7 {[%clk 0:45:29]} 13. O-O {[%clk 1:08:51]} h6
{[%clk 0:40:23]} 14. Rfe1 {[%clk 1:05:52]} a6 {[%clk 0:39:05]} 15. Ba4
{[%clk 1:03:54]} b5 {[%clk 0:35:40]} 16. Bb3 {[%clk 1:04:13]} Bxb3
{[%clk 0:35:25]} 17. axb3 {[%clk 1:04:39]} f6 {[%clk 0:34:33]} 18. Nh4
{[%clk 1:02:39]} Kf7 {[%clk 0:33:50]} 19. Red1 {[%clk 1:02:06]} Ke6
{[%clk 0:28:13]} 20. Ng6 {[%clk 1:01:15]} Rh7 {[%clk 0:28:21]} 21. Rd2
{[%clk 1:01:13]} Ne7 {[%clk 0:28:02]} 22. Nxe7 {[%clk 1:01:14]} Bxe7
{[%clk 0:27:40]} 23. Rad1 {[%clk 1:01:24]} Rhh8 {[%clk 0:27:32]} 24. h3
{[%clk 1:00:52]} Rhd8 {[%clk 0:27:06]} 25. Rxd8 {[%clk 1:01:05]} Rxd8
{[%clk 0:27:26]} 26. Rxd8 {[%clk 1:01:24]} Bxd8 {[%clk 0:27:48]} 27. Bc5
{[%clk 1:01:47]} Be7 {[%clk 0:27:16]} 28. Bxe7 {[%clk 1:01:11]} Kxe7
{[%clk 0:27:38]} 29. Kf1 {[%clk 1:01:37]} a5 {[%clk 0:27:36]} 30. Ke2
{[%clk 1:01:06]} Kd6 {[%clk 0:27:35]} 31. Kd3 {[%clk 1:01:24]} Kd5
{[%clk 0:26:29]} 32. f3 {[%clk 1:00:09]} 1/2-1/2

[Event "MP do lat 16 - dziewczeta"]
[Site "Sypniewo"]
[Date "2022.03.27"]
[Round "9.1"]
[White "Zabrzanska, Weronika"]
[Black "Starosta, Martyna"]
[Result "0-1"]
[BlackElo "1894"]
[WhiteElo "1942"]
[LiveChessVersion "1.4.8"]

1. e4 {[%clk 1:30:54]} e5 {[%clk 1:30:50]} 2. Nf3 {[%clk 1:31:16]} Nc6
{[%clk 1:31:15]} 3. Bc4 {[%clk 1:31:15]} Nf6 {[%clk 1:31:39]} 4. d4
{[%clk 1:30:52]} exd4 {[%clk 1:31:48]} 5. e5 {[%clk 1:30:41]} d5 {[%clk 1:32:11]}
6. Bb5 {[%clk 1:31:00]} Ne4 {[%clk 1:32:34]} 7. Nxd4 {[%clk 1:31:20]} Bc5
{[%clk 1:32:54]} 8. Be3 {[%clk 1:29:58]} O-O {[%clk 1:33:12]} 9. Nxc6
{[%clk 1:28:18]} bxc6 {[%clk 1:33:28]} 10. Bxc5 {[%clk 1:28:42]} Nxc5
{[%clk 1:33:50]} 11. Bxc6 {[%clk 1:29:02]} Rb8 {[%clk 1:33:22]} 12. Qxd5
{[%clk 1:28:19]} Qe7 {[%clk 1:33:47]} 13. O-O {[%clk 1:21:52]} Rd8
{[%clk 1:15:14]} 14. Qf3 {[%clk 1:20:00]} Rxb2 {[%clk 1:15:23]} 15. Nc3
{[%clk 1:03:59]} Be6 {[%clk 1:02:42]} 16. Rfd1 {[%clk 0:50:36]} Rxc2
{[%clk 0:57:38]} 17. Nd5 {[%clk 0:33:22]} Bxd5 {[%clk 0:55:06]} 18. Bxd5
{[%clk 0:33:25]} Rb8 {[%clk 0:50:32]} 19. Rab1 {[%clk 0:31:36]} Rxb1
{[%clk 0:46:01]} 20. Rxb1 {[%clk 0:31:07]} g6 {[%clk 0:38:28]} 21. Qd1
{[%clk 0:21:39]} Rc3 {[%clk 0:38:06]} 22. Qd4 {[%clk 0:14:01]} Rd3
{[%clk 0:35:07]} 23. Qc4 {[%clk 0:14:09]} Qxe5 {[%clk 0:28:18]} 24. Qxc5
{[%clk 0:04:36]} Qxd5 {[%clk 0:24:53]} 25. Rb8+ {[%clk 0:04:52]} Kg7
{[%clk 0:25:16]} 26. Qf8+ {[%clk 0:05:06]} Kf6 {[%clk 0:25:45]} 27. Qh8+
{[%clk 0:04:29]} Kf5 {[%clk 0:20:20]} 28. h3 {[%clk 0:04:40]} Rd1+
{[%clk 0:16:23]} 29. Kh2 {[%clk 0:05:07]} Qd6+ {[%clk 0:14:27]} 30. g3
{[%clk 0:05:31]} Qd5 {[%clk 0:11:17]} 31. Qc8+ {[%clk 0:02:15]} Kg5
{[%clk 0:10:06]} 32. f4+ {[%clk 0:01:48]} Kh5 {[%clk 0:10:08]} 33. Qg4+
{[%clk 0:01:04]} Kh6 {[%clk 0:10:37]} 34. Qg5+ {[%clk 0:01:01]} Qxg5
{[%clk 0:10:58]} 35. fxg5+ {[%clk 0:01:27]} Kxg5 {[%clk 0:11:24]} 36. Rb5+
{[%clk 0:01:26]} f5 {[%clk 0:07:46]} 37. h4+ {[%clk 0:01:11]} Kg4
{[%clk 0:06:38]} 38. Rb4+ {[%clk 0:01:29]} Kf3 {[%clk 0:06:46]} 39. Ra4
{[%clk 0:01:10]} c5 {[%clk 0:05:41]} 40. Rxa7 {[%clk 0:31:24]} Ra1
{[%clk 0:34:11]} 41. a4 {[%clk 0:31:25]} c4 {[%clk 0:34:00]} 42. a5
{[%clk 0:31:49]} Kg4 {[%clk 0:29:33]} 43. Rc7 {[%clk 0:29:39]} Ra2+
{[%clk 0:29:56]} 44. Kg1 {[%clk 0:29:58]} Kxg3 {[%clk 0:30:00]} 45. Kf1
{[%clk 0:30:24]} Rxa5 {[%clk 0:30:11]} 46. Rxc4 {[%clk 0:30:46]} f4
{[%clk 0:30:32]} 47. h5 {[%clk 0:29:13]} f3 {[%clk 0:30:42]} 0-1

[Event "MP do lat 16 - dziewczeta"]
[Site "Sypniewo"]
[Date "2022.03.27"]
[Round "9.2"]
[White "Barwinska, Ewa"]
[Black "Siekanska, Maria"]
[Result "0-1"]
[BlackElo "1989"]
[WhiteElo "1848"]
[LiveChessVersion "1.4.8"]

1. e4 {[%clk 1:30:58]} c5 {[%clk 1:30:48]} 2. Nf3 {[%clk 1:31:23]} d6
{[%clk 1:31:12]} 3. d4 {[%clk 1:31:45]} cxd4 {[%clk 1:31:37]} 4. Nxd4
{[%clk 1:32:05]} Nf6 {[%clk 1:31:59]} 5. Nc3 {[%clk 1:32:26]} a6 {[%clk 1:32:20]}
6. Bg5 {[%clk 1:32:48]} e6 {[%clk 1:32:00]} 7. f4 {[%clk 1:33:09]} Qb6
{[%clk 1:31:52]} 8. a3 {[%clk 1:31:43]} Nbd7 {[%clk 1:30:01]} 9. Nb3
{[%clk 1:21:41]} Qc7 {[%clk 1:24:27]} 10. Qf3 {[%clk 1:19:24]} Be7
{[%clk 1:23:30]} 11. O-O-O {[%clk 1:19:02]} b5 {[%clk 1:22:32]} 12. Nd4
{[%clk 1:09:37]} Rb8 {[%clk 1:19:11]} 13. Bxf6 {[%clk 1:05:17]} Nxf6
{[%clk 1:14:13]} 14. e5 {[%clk 0:51:55]} dxe5 {[%clk 1:07:31]} 15. fxe5
{[%clk 0:41:56]} Nd7 {[%clk 1:04:47]} 16. Re1 {[%clk 0:31:31]} b4
{[%clk 0:57:03]} 17. Qc6 {[%clk 0:21:19]} Qa7 {[%clk 0:53:14]} 18. Nce2
{[%clk 0:17:44]} bxa3 {[%clk 0:51:57]} 19. b3 {[%clk 0:18:05]} O-O
{[%clk 0:51:17]} 20. Kb1 {[%clk 0:13:12]} a5 {[%clk 0:44:59]} 21. Qa4
{[%clk 0:09:12]} Nxe5 {[%clk 0:36:28]} 22. Nc3 {[%clk 0:09:23]} Qc5
{[%clk 0:31:20]} 23. Ncb5 {[%clk 0:07:57]} Rd8 {[%clk 0:29:51]} 24. Be2
{[%clk 0:05:28]} Bf6 {[%clk 0:29:03]} 25. Rd1 {[%clk 0:05:33]} Ng6
{[%clk 0:22:06]} 26. Bf3 {[%clk 0:00:42]} Bd7 {[%clk 0:20:54]} 27. Qxa3
{[%clk 0:00:45]} Qb6 {[%clk 0:19:17]} 28. Be2 {[%clk 0:00:50]} e5
{[%clk 0:19:15]} 29. Nd6 {[%clk 0:00:34]} exd4 {[%clk 0:19:05]} 30. Bc4
{[%clk 0:00:40]} Ne5 {[%clk 0:17:58]} 31. Rhf1 {[%clk 0:00:37]} Bg4
{[%clk 0:17:40]} 32. Rxf6 {[%clk 0:00:31]} Nxc4 {[%clk 0:17:07]} 33. Qc1
{[%clk 0:00:39]} Rxd6 {[%clk 0:17:08]} 0-1